000 00321pab a2200133 454500
008 180718b xxu||||| |||| 00| 0 eng d
100 _aArunan, M.C.
245 _aExaminations - a call for reassessment
650 _a Examination
650 _aEducation
700 _aMendes, Jennie
773 _aUniversity News
909 _a926
999 _c926
_d926